| 000 | 00836nam a2200253 a 4500 | ||
|---|---|---|---|
| 008 | |||
| 020 | _a1868122859 (hbk.) | ||
| 049 | _aMAIN | ||
| 090 | _aQH195.K3MAI 1987 | ||
| 100 | 1 | _aMain, Michael. | |
| 245 | 1 | 0 |
_aKalahari : _blife's variety in dune and delta / _cMichael Main. |
| 250 | _a1st ed., 1st impression. | ||
| 260 |
_a [Johannesburg] : _bSouthern, _cc1987. |
||
| 300 |
_a265 p., [30] p. of col. plates : _bill., maps (some col.) ; _c26 cm. |
||
| 504 | _aIncludes bibliographies and index. | ||
| 650 | 0 |
_aNatural history _zKalahari Desert. |
|
| 651 | 0 |
_aKalahari Desert _xDescription and travel. |
|
| 650 | 0 |
_aBotany _zKalahari Desert. |
|
| 907 |
_a.b10197096 _b20-06-06 _c28-03-06 |
||
| 003 | |||
| 005 | 20230123134221.0 | ||
| 040 | _cNUST | ||
| 942 |
_cBOOKS _kQH195.K3MAI 1987 |
||
| 999 |
_c162064 _d162064 |
||